Vysoká škola ekonomická v Bratislave študijný program na školský rok 1962/1963

Salvato in:
Dettagli Bibliografici
Natura: Libro
Lingua:slovacco
Pubblicazione: Bratislava VŠE [1962]
Edizione:1. vyd.
Soggetti:
Tags: Aggiungi Tag
Nessun Tag, puoi essere il primo ad aggiungerne!!

MARC

LEADER 00000nam a2200000 4500
001 c019039
005 20250520122335.0
041 0 |a slo 
044 |a SK 
245 1 0 |a Vysoká škola ekonomická v Bratislave  |b študijný program na školský rok 1962/1963  |c hlavný zostavovateľ Ján Báhidský 
250 |a 1. vyd. 
264 1 |a Bratislava  |b VŠE  |c [1962] 
300 |a 74 s. 
610 2 0 |a školy vysoké 
610 2 0 |a štúdium vysokoškolské 
610 2 0 |a vzdelanie vysokoškolské 
610 2 0 |a Vysoká škola ekonomická v Bratislave 
610 2 0 |a programy študijné